[Event "4NCL/Div3/BRI2 vs. GUI4"]
[Site "Coventry ENG"]
[Date "2006.11.11"]
[Round "3.8"]
[White "Kokossis, Danae"]
[Black "Owens, Megan"]
[Result "1-0"]
[WhiteElo "1595"]
[BlackElo "1760"]
[PlyCount "95"]
[EventDate "2006.11.11"]
[EventType "team"]
[EventRounds "11"]
[EventCountry "ENG"]
[WhiteTeam "Guildford-ADC 4"]
[BlackTeam "Bristol 2"]

1. e4 c5 2. Nf3 g6 3. d4 cxd4 4. Nxd4 Nc6 5. Nxc6 bxc6 6. Nc3 Bg7 7. Be3 Qa5 8.
Qd2 Rb8 9. Bd4 Nf6 10. Bc4 O-O 11. f3 c5 12. Be3 Rxb2 13. Bb3 Ba6 14. Na4 Qxd2+
15. Bxd2 Nxe4 16. Nxb2 Nxd2 17. Kxd2 c4 18. c3 cxb3 19. axb3 Bb5 20. Rxa7 Rc8
21. Nd1 Bh6+ 22. Kc2 e6 23. c4 d5 24. Ra5 Be8 25. Nb2 d4 26. Nd3 Bc6 27. Re5
Bf8 28. Ra5 Bd6 29. h3 f6 30. Ra6 e5 31. Re1 Kg7 32. Kb2 Kh6 33. b4 Be7 34. b5
Be8 35. Rc1 g5 36. Nxe5 Kg7 37. Nd3 Bg6 38. Nf2 Bf7 39. b6 Bc5 40. Ne4 d3 41.
b7 Bd4+ 42. Ka3 Rb8 43. Rb1 d2 44. Nxd2 Bc5+ 45. Ka2 Rd8 46. b8=Q Rxd2+ 47. Kb3
Rd3+ 48. Kc2 1-0

[Event "4NCL/Div3/SLOS3 vs. PAP"]
[Site "Coventry ENG"]
[Date "2006.11.11"]
[Round "3.1"]
[White "Linford, Charles"]
[Black "Summerscale, Aaron"]
[Result "0-1"]
[WhiteElo "2142"]
[BlackElo "2484"]
[PlyCount "80"]
[EventDate "2006.11.11"]
[EventType "team"]
[EventRounds "11"]
[EventCountry "ENG"]
[WhiteTeam "Slough Sharks 3"]
[BlackTeam "Pride+Prejudice"]

1. e4 d6 2. d4 c6 3. Nc3 Qa5 4. f4 e5 5. Nf3 Nf6 6. Bd3 Bg4 7. dxe5 dxe5 8. f5
Nbd7 9. h3 Bxf3 10. Qxf3 Nc5 11. Bd2 O-O-O 12. O-O-O Nxd3+ 13. cxd3 Nd7 14. h4
f6 15. Kb1 Qa6 16. Rh3 Bb4 17. Ne2 Bxd2 18. Rxd2 Nc5 19. Qe3 Qa5 20. Rd1 Rd7
21. Rg3 Rhd8 22. Nc1 Qb4 23. a3 Qa4 24. Qxc5 Qxd1 25. Qxa7 Rxd3 26. Rxg7 R3d7
27. Rg3 Qd4 28. Qa8+ Kc7 29. Qa5+ Kb8 30. Qe1 Qa4 31. Qe3 Rd1 32. Ka2 Qc2 33.
Rg7 Qxc1 34. Qxc1 Rxc1 35. Rxh7 Rg8 36. Rf7 Rxg2 37. Rxf6 Re1 38. Re6 Rxe4 39.
f6 Rf2 40. h5 Rh4 0-1

[Event "4NCL/Div3/SLOS3 vs. PAP"]
[Site "Coventry ENG"]
[Date "2006.11.11"]
[Round "3.2"]
[White "Sheldon, Ruth"]
[Black "Ruston, Mark R"]
[Result "0-1"]
[WhiteElo "2264"]
[BlackElo "2086"]
[PlyCount "62"]
[EventDate "2006.11.11"]
[EventType "team"]
[EventRounds "11"]
[EventCountry "ENG"]
[WhiteTeam "Pride+Prejudice"]
[BlackTeam "Slough Sharks 3"]

1. d4 d5 2. c4 c6 3. Nf3 Nf6 4. Nc3 e6 5. e3 Nbd7 6. Qc2 Bd6 7. Bd2 O-O 8. h3
Re8 9. O-O-O dxc4 10. Bxc4 b5 11. Bd3 Bb7 12. Kb1 b4 13. Na4 Qa5 14. e4 e5 15.
dxe5 Bxe5 16. Nxe5 Nxe5 17. Nc5 Nxd3 18. Nxb7 Qa6 19. Nd6 Nxf2 20. Qb3 Re6 21.
e5 Nxh1 22. Rxh1 Qe2 23. Be3 Nd5 24. Bd4 Rxd6 25. exd6 Qe4+ 26. Qc2 Qxd4 27.
Qxc6 Nb6 28. Re1 g6 29. Qc7 Rf8 30. Rc1 Rc8 31. Qe7 Qd3+ 0-1

[Event "4NCL/Div3/SLOS3 vs. PAP"]
[Site "Coventry ENG"]
[Date "2006.11.11"]
[Round "3.3"]
[White "Cox, Tristan"]
[Black "Winkelmann, Elena"]
[Result "1-0"]
[WhiteElo "2065"]
[BlackElo "2087"]
[PlyCount "81"]
[EventDate "2006.11.11"]
[EventType "team"]
[EventRounds "11"]
[EventCountry "ENG"]
[WhiteTeam "Slough Sharks 3"]
[BlackTeam "Pride+Prejudice"]

1. Nf3 d5 2. c4 dxc4 3. e3 Nf6 4. Bxc4 e6 5. O-O b6 6. d4 Bb7 7. Qe2 Be7 8. e4
Bxe4 9. Ng5 Bd5 10. Bd3 h6 11. Nf3 Bxf3 12. Qxf3 Qd5 13. Qe3 c6 14. Nc3 Qd6 15.
Rd1 Nd5 16. Qf3 Nxc3 17. bxc3 Qc7 18. a4 Nd7 19. a5 O-O 20. Re1 Nf6 21. Bf4 Qd7
22. Be5 Rfc8 23. Bc2 Ne8 24. Qd3 g6 25. Re3 Bd6 26. f4 Bxe5 27. fxe5 Ng7 28. g4
Qe7 29. Qe4 b5 30. Rf1 Rc7 31. Rf6 Ne8 32. Rf4 Qg5 33. h4 Qxh4 34. g5 Qxg5+ 35.
Rg4 Qe7 36. Rh3 Ng7 37. Rxh6 Nf5 38. Rh3 Qf8 39. Qh1 Qg7 40. Bxf5 exf5 41. Rgh4
1-0

[Event "4NCL/Div3/SLOS3 vs. PAP"]
[Site "Coventry ENG"]
[Date "2006.11.11"]
[Round "3.4"]
[White "Forbes, Cathy"]
[Black "Varnam, Liam D"]
[Result "1-0"]
[WhiteElo "2076"]
[BlackElo "2046"]
[PlyCount "89"]
[EventDate "2006.11.11"]
[EventType "team"]
[EventRounds "11"]
[EventCountry "ENG"]
[WhiteTeam "Pride+Prejudice"]
[BlackTeam "Slough Sharks 3"]

1. d4 d5 2. Bf4 Nf6 3. c3 e6 4. e3 Be7 5. h3 O-O 6. Bd3 c5 7. Nf3 Nc6 8. O-O
Qb6 9. Qb3 Qxb3 10. axb3 Nh5 11. Bh2 f5 12. Na3 cxd4 13. cxd4 f4 14. Nb5 Bd7
15. g4 fxg3 16. fxg3 Nb4 17. Be2 Nc2 18. Nc7 Nxa1 19. Nxa8 Nxb3 20. Ne5 Nf6 21.
Nxd7 Rxa8 22. Nxf6+ Bxf6 23. Bg4 Kf7 24. Rf2 Rc8 25. Bd1 Rc1 26. Rf1 Nd2 27.
Bh5+ g6 28. Rxc1 gxh5 29. Rc7+ Kg6 30. Rxb7 Nc4 31. Kf2 Bg5 32. b3 Nxe3 33.
Rxa7 Nc2 34. Ra4 Bf6 35. Bg1 Bxd4+ 36. Kf1 Bc3 37. Bc5 Be5 38. g4 hxg4 39. hxg4
Kg5 40. Be7+ Kg6 41. b4 Ne3+ 42. Ke2 Nxg4 43. b5 h5 44. b6 Kf7 45. Ra7 1-0

[Event "4NCL/Div3/SLOS3 vs. PAP"]
[Site "Coventry ENG"]
[Date "2006.11.11"]
[Round "3.5"]
[White "Purton, Ben J"]
[Black "Kieran, Rosalind A"]
[Result "1-0"]
[WhiteElo "2091"]
[BlackElo "2076"]
[PlyCount "67"]
[EventDate "2006.11.11"]
[EventType "team"]
[EventRounds "11"]
[EventCountry "ENG"]
[WhiteTeam "Slough Sharks 3"]
[BlackTeam "Pride+Prejudice"]

1. e4 c5 2. Nf3 d6 3. Bb5+ Bd7 4. Bxd7+ Qxd7 5. c4 Nc6 6. O-O Nf6 7. Nc3 g6 8.
d4 cxd4 9. Nxd4 Bg7 10. Nde2 Rc8 11. f3 O-O 12. Be3 b6 13. Qd2 Qb7 14. b3 Nd7
15. Rad1 Nce5 16. h3 Nc5 17. Bg5 Ne6 18. Bh4 Nc6 19. Nd5 Rfe8 20. f4 Ncd4 21.
f5 Nxe2+ 22. Qxe2 Nc5 23. Qf3 f6 24. e5 dxe5 25. b4 e4 26. Qg4 g5 27. bxc5 gxh4
28. Qxe4 Kh8 29. cxb6 axb6 30. Rf4 Qa7 31. Rxh4 b5+ 32. Qd4 Qxa2 33. Nb6 Rc6
34. Qd7 1-0

[Event "4NCL/Div3/SLOS3 vs. PAP"]
[Site "Coventry ENG"]
[Date "2006.11.11"]
[Round "3.6"]
[White "Lang, Heather"]
[Black "Coddington, Oliver"]
[Result "1-0"]
[WhiteElo "2050"]
[BlackElo "1971"]
[PlyCount "73"]
[EventDate "2006.11.11"]
[EventType "team"]
[EventRounds "11"]
[EventCountry "ENG"]
[WhiteTeam "Pride+Prejudice"]
[BlackTeam "Slough Sharks 3"]

1. e4 d6 2. d4 Nf6 3. Nc3 c6 4. f4 Qa5 5. Bd3 e5 6. Nf3 Bg4 7. Be3 Nbd7 8. O-O
Be7 9. h3 Bh5 10. Qe1 Bxf3 11. Rxf3 b5 12. fxe5 dxe5 13. d5 cxd5 14. Nxd5 Qxe1+
15. Rxe1 Nxd5 16. exd5 a6 17. a4 b4 18. c3 Nc5 19. Bxc5 Bxc5+ 20. Kf1 f6 21.
cxb4 Bxb4 22. Rc1 Kd7 23. Rc6 Rhc8 24. Bf5+ Kd8 25. Rxc8+ Rxc8 26. Bxc8 Kxc8
27. Ke2 Kd7 28. Kd3 Kd6 29. Ke4 Be1 30. g4 Kc5 31. Rb3 Bd2 32. Rb7 Bh6 33. Rc7+
Kb6 34. Rc6+ Kb7 35. h4 Bd2 36. Re6 Bb4 37. h5 1-0

[Event "4NCL/Div3/SLOS3 vs. PAP"]
[Site "Coventry ENG"]
[Date "2006.11.11"]
[Round "3.7"]
[White "Martin, Katie"]
[Black "Barraclough, Stephanie"]
[Result "1-0"]
[WhiteElo "1939"]
[BlackElo "1883"]
[PlyCount "95"]
[EventDate "2006.11.11"]
[EventType "team"]
[EventRounds "11"]
[EventCountry "ENG"]
[WhiteTeam "Slough Sharks 3"]
[BlackTeam "Pride+Prejudice"]

1. e4 d6 2. d4 Nf6 3. Nc3 c6 4. f4 Qa5 5. e5 Ne4 6. Qf3 d5 7. Bd3 Na6 8. Nge2
Nb4 9. Bxe4 dxe4 10. Qxe4 f5 11. Qf3 Nxc2+ 12. Kf2 Nxa1 13. Qd3 Be6 14. Be3 Nb3
15. axb3 g6 16. Na4 Qc7 17. Nc5 Qc8 18. Rc1 b6 19. Na6 Qb7 20. b4 Rc8 21. Nc3
Kf7 22. b5 cxb5 23. d5 Kg7 24. Nb4 Bd7 25. e6 Be8 26. Bd4+ Kg8 27. Bxh8 Kxh8
28. Rd1 Rc4 29. Ne2 Bg7 30. Qd2 a5 31. Nc2 Rc8 32. Ne3 Qc7 33. g3 Qd6 34. Nd4
Bxd4 35. Qxd4+ Kg8 36. Rd2 Qc5 37. Qe5 Qc7 38. Qd4 Qc5 39. Qe5 Qc1 40. Qd4 Qc7
41. d6 exd6 42. Qxd6 Qxd6 43. Rxd6 Rb8 44. Nd5 Kf8 45. e7+ Kf7 46. Rf6+ Kg7 47.
Rf8 Rc8 48. Ke3 1-0

[Event "4NCL/Div3/SLOS3 vs. PAP"]
[Site "Coventry ENG"]
[Date "2006.11.11"]
[Round "3.8"]
[White "Thilaganathan, Jessica"]
[Black "Makepeace, Philip J"]
[Result "1-0"]
[WhiteElo "1871"]
[BlackElo "1953"]
[PlyCount "59"]
[EventDate "2006.11.11"]
[EventType "team"]
[EventRounds "11"]
[EventCountry "ENG"]
[WhiteTeam "Pride+Prejudice"]
[BlackTeam "Slough Sharks 3"]

1. d4 c5 2. d5 f5 3. c4 b5 4. cxb5 a6 5. bxa6 Nxa6 6. Nc3 Nf6 7. Nh3 Bb7 8. Nf4
g6 9. f3 Bh6 10. Nh5 Nxh5 11. Bxh6 Qb6 12. Qd2 Nb4 13. a3 e6 14. dxe6 dxe6 15.
Rd1 Bc6 16. axb4 cxb4 17. Qd6 Kf7 18. Bg5 Rhe8 19. Nb1 Ra7 20. Rc1 Rc8 21. Nd2
Rd7 22. Nc4 Rxd6 23. Nxb6 Rc7 24. g4 fxg4 25. fxg4 Rb7 26. Nc4 Rd5 27. Bg2 Rxg5
28. Bxc6 Rc7 29. gxh5 Rxc6 30. Ne5+ 1-0

[Event "4NCL/Div3/GUI4 vs. FCA1"]
[Site "Coventry ENG"]
[Date "2006.11.12"]
[Round "4.1"]
[White "Shepley, Julien M"]
[Black "Hetey, Laszlo"]
[Result "1/2-1/2"]
[WhiteElo "2119"]
[BlackElo "2327"]
[PlyCount "89"]
[EventDate "2006.11.12"]
[EventType "team"]
[EventRounds "11"]
[EventCountry "ENG"]
[WhiteTeam "Guildford-ADC 4"]
[BlackTeam "FCA Solutions 1"]

1. d4 Nf6 2. Bg5 e6 3. e4 h6 4. Bxf6 Qxf6 5. c3 d6 6. Nd2 g6 7. Ngf3 Nd7 8. Bd3
Bg7 9. Qc2 O-O 10. O-O b6 11. a4 a5 12. b4 g5 13. h3 h5 14. Nc4 g4 15. hxg4
hxg4 16. e5 Qe7 17. Nh2 dxe5 18. dxe5 Nxe5 19. Nxe5 Bxe5 20. Nxg4 Bd6 21. Qe2
f5 22. Ne5 axb4 23. cxb4 Qg7 24. Nc6 Bd7 25. b5 Rf6 26. Qf3 Rh6 27. Rfd1 Rf8
28. a5 bxa5 29. Rxa5 e5 30. Bc4+ Kh8 31. Qc3 Qh7 32. Kf1 Bxc6 33. bxc6 Rb8 34.
Rad5 Rh1+ 35. Ke2 Qh5+ 36. Qf3 Qxf3+ 37. gxf3 Rh6 38. Bd3 Rf6 39. Ba6 Rb2+ 40.
R1d2 Rxd2+ 41. Rxd2 Kg7 42. Bc8 Kf8 43. Bxf5 Ke7 44. Be4 Rf8 45. Rd5 1/2-1/2

[Event "4NCL/Div3/GUI4 vs. FCA1"]
[Site "Coventry ENG"]
[Date "2006.11.12"]
[Round "4.2"]
[White "Macdonald-Ross, Michael"]
[Black "Hill, David F"]
[Result "1/2-1/2"]
[WhiteElo "2160"]
[BlackElo "2044"]
[PlyCount "39"]
[EventDate "2006.11.12"]
[EventType "team"]
[EventRounds "11"]
[EventCountry "ENG"]
[WhiteTeam "FCA Solutions 1"]
[BlackTeam "Guildford-ADC 4"]

1. d4 Nf6 2. Nf3 d6 3. g3 g6 4. Bg2 Bg7 5. O-O O-O 6. c4 c5 7. d5 b5 8. cxb5
Bf5 9. Nfd2 Bxb1 10. Rxb1 a6 11. bxa6 Nxa6 12. Nc4 Nd7 13. Bd2 Ne5 14. Nxe5
Bxe5 15. Bh6 Re8 16. Qd2 Qd7 17. Rfc1 Reb8 18. e3 Qa4 19. a3 c4 20. Bf1 1/2-1/2

[Event "4NCL/Div3/GUI4 vs. FCA1"]
[Site "Coventry ENG"]
[Date "2006.11.12"]
[Round "4.3"]
[White "Smart, Michael R"]
[Black "Reuben, Stewart"]
[Result "0-1"]
[WhiteElo "1990"]
[BlackElo "2146"]
[PlyCount "78"]
[EventDate "2006.11.12"]
[EventType "team"]
[EventRounds "11"]
[EventCountry "ENG"]
[WhiteTeam "Guildford-ADC 4"]
[BlackTeam "FCA Solutions 1"]

1. e4 c5 2. Nf3 g6 3. d4 Bg7 4. Nc3 cxd4 5. Nxd4 Nc6 6. Be3 Nf6 7. Bc4 O-O 8.
f3 Qb6 9. Bb3 Nxe4 10. Nd5 Qa5+ 11. c3 Nc5 12. O-O e6 13. Nxc6 dxc6 14. Ne7+
Kh8 15. Qd6 Na6 16. Rad1 Qe5 17. Qxe5 Bxe5 18. Nxc8 Rfxc8 19. Rd7 Rc7 20. Rfd1
Kg8 21. Rd8+ Rxd8 22. Rxd8+ Kg7 23. Bxa7 b5 24. Be3 c5 25. Ra8 Rc6 26. Bc2 c4
27. g3 b4 28. Ba4 Rd6 29. cxb4 Nc7 30. Rc8 Ra6 31. b3 c3 32. b5 Rd6 33. b6 Rd1+
34. Kg2 Nd5 35. b7 Nxe3+ 36. Kf2 c2 37. b8=Q Bxb8 38. Kxe3 c1=Q+ 39. Rxc1 Rxc1
0-1

[Event "4NCL/Div3/GUI4 vs. FCA1"]
[Site "Coventry ENG"]
[Date "2006.11.12"]
[Round "4.4"]
[White "Smith, Graham"]
[Black "Bryant, Richard"]
[Result "1-0"]
[WhiteElo "2128"]
[BlackElo "1957"]
[PlyCount "65"]
[EventDate "2006.11.12"]
[EventType "team"]
[EventRounds "11"]
[EventCountry "ENG"]
[WhiteTeam "FCA Solutions 1"]
[BlackTeam "Guildford-ADC 4"]

1. e4 c5 2. Nf3 e6 3. Nc3 a6 4. g3 b5 5. Bg2 Bb7 6. d3 d6 7. O-O b4 8. Ne2 e5
9. Nd2 Nf6 10. f4 h5 11. h3 Nbd7 12. Nc4 Qc7 13. Bd2 h4 14. g4 exf4 15. Nxf4
Ne5 16. g5 Nxc4 17. dxc4 Nd7 18. g6 Ne5 19. gxf7+ Qxf7 20. Nd5 Qg6 21. Nc7+ Kd8
22. Nxa8 Bxe4 23. Qe2 Bxa8 24. Rf2 Be7 25. a3 b3 26. cxb3 Bxg2 27. Rxg2 Qf5 28.
Rf1 Qxh3 29. Qe4 Qc8 30. Rxg7 Bf8 31. Bg5+ Ke8 32. Ra7 Rg8 33. Rf5 1-0

[Event "4NCL/Div3/GUI4 vs. FCA1"]
[Site "Coventry ENG"]
[Date "2006.11.12"]
[Round "4.5"]
[White "Gibbs, Daniel"]
[Black "Freeman, Richard C P"]
[Result "0-1"]
[WhiteElo "1985"]
[BlackElo "2097"]
[PlyCount "80"]
[EventDate "2006.11.12"]
[EventType "team"]
[EventRounds "11"]
[EventCountry "ENG"]
[WhiteTeam "Guildford-ADC 4"]
[BlackTeam "FCA Solutions 1"]

1. Nf3 g6 2. d4 Bg7 3. c4 d6 4. Nc3 Bg4 5. e3 Nd7 6. Be2 e5 7. h3 Bxf3 8. Bxf3
Rb8 9. d5 f5 10. e4 Ne7 11. g4 f4 12. h4 h6 13. Kd2 c6 14. Kc2 Qb6 15. Qe2 O-O
16. g5 h5 17. Rh2 Rfc8 18. Kd1 Qd4+ 19. Bd2 Nc5 20. Kc2 b5 21. Rd1 bxc4 22. Bc1
Qd3+ 23. Qxd3 cxd3+ 24. Kb1 cxd5 25. exd5 Rb4 26. a3 Rb3 27. Ne4 Na4 28. Ka2
Rcb8 29. Nf6+ Kf7 30. Be4 Nxb2 31. Bxb2 Rxb2+ 32. Ka1 Bxf6 33. gxf6 Kxf6 34.
Rg2 R2b3 35. Ka2 Rb2+ 36. Ka1 f3 37. Rh2 Nf5 38. Bxd3 Ne3 39. Rb1 Rxb1+ 40.
Bxb1 Nxd5 0-1

[Event "4NCL/Div3/GUI4 vs. FCA1"]
[Site "Coventry ENG"]
[Date "2006.11.12"]
[Round "4.6"]
[White "Habershon, Paul"]
[Black "Eckloff, Colin"]
[Result "1-0"]
[WhiteElo "2095"]
[BlackElo "1940"]
[PlyCount "81"]
[EventDate "2006.11.12"]
[EventType "team"]
[EventRounds "11"]
[EventCountry "ENG"]
[WhiteTeam "FCA Solutions 1"]
[BlackTeam "Guildford-ADC 4"]

1. e4 e5 2. Nf3 Nc6 3. d4 exd4 4. Nxd4 Nf6 5. Nxc6 bxc6 6. e5 Qe7 7. Qe2 Nd5 8.
c4 Ba6 9. Nd2 g6 10. b3 Bg7 11. Bb2 O-O 12. g3 Rae8 13. O-O-O Nb6 14. f4 d5 15.
Qf3 Rb8 16. Kb1 dxc4 17. Rc1 Bb7 18. Bxc4 Nxc4 19. Rxc4 c5 20. Ne4 Bd5 21. Nf6+
Bxf6 22. Qxd5 Bg7 23. Qxc5 Qe6 24. Rhc1 Rfc8 25. Qf2 a5 26. Rxc7 Rxc7 27. Rxc7
Qd5 28. Qc2 Bf8 29. Qc4 Qxc4 30. Rxc4 h5 31. Kc2 Rb5 32. Bd4 Bb4 33. Rc8+ Bf8
34. Kc3 a4 35. bxa4 Ra5 36. Bb6 Rxa4 37. Bc5 Rxa2 38. Bxf8 Rxh2 39. Be7+ Kh7
40. Bf6 g5 41. f5 1-0

[Event "4NCL/Div3/GUI4 vs. FCA1"]
[Site "Coventry ENG"]
[Date "2006.11.12"]
[Round "4.7"]
[White "Arora, Manoj"]
[Black "Goldsworthy, Patrick"]
[Result "0-1"]
[WhiteElo "1925"]
[BlackElo "2085"]
[PlyCount "82"]
[EventDate "2006.11.12"]
[EventType "team"]
[EventRounds "11"]
[EventCountry "ENG"]
[WhiteTeam "Guildford-ADC 4"]
[BlackTeam "FCA Solutions 1"]

1. e4 d6 2. d4 Nf6 3. Nc3 Nbd7 4. f4 c5 5. d5 g6 6. Nf3 Bg7 7. e5 dxe5 8. fxe5
Ng4 9. e6 fxe6 10. dxe6 Nde5 11. Bb5+ Nc6 12. Bxc6+ bxc6 13. Qxd8+ Kxd8 14. Ng5
Rf8 15. Nce4 h6 16. Nf7+ Ke8 17. Nxc5 Bd4 18. Ne4 Bxe6 19. Nxh6 Ne3 20. Ng5
Nxg2+ 21. Kd1 Bd5 22. Ng4 Rd8 23. c3 Bf2 24. Kc2 Ne1+ 25. Rxe1 Bxe1 26. Be3 Bh4
27. c4 Bxc4 28. Ne5 Bd5 29. Rd1 Rf5 30. Nxc6 Rc8 31. Rxd5 Rxd5 32. Ne4 Rxc6+
33. Kb3 Rd3+ 34. Kb4 Rxe3 35. Nd2 Be1 36. b3 Bxd2+ 37. Kb5 Rc2 38. h4 Rxa2 39.
h5 gxh5 40. b4 Bxb4 41. Kc6 h4 0-1

[Event "4NCL/Div3/GUI4 vs. FCA1"]
[Site "Coventry ENG"]
[Date "2006.11.12"]
[Round "4.8"]
[White "Evans, Helen"]
[Black "Kokossis, Danae"]
[Result "0-1"]
[WhiteElo "1740"]
[BlackElo "1595"]
[PlyCount "98"]
[EventDate "2006.11.12"]
[EventType "team"]
[EventRounds "11"]
[EventCountry "ENG"]
[WhiteTeam "FCA Solutions 1"]
[BlackTeam "Guildford-ADC 4"]

1. d4 Nf6 2. Nf3 d5 3. Bf4 e6 4. e3 c5 5. c3 Qb6 6. Qc1 Nc6 7. Nbd2 Bd7 8. Bd3
Be7 9. Ne5 Nxe5 10. Bxe5 Rc8 11. O-O O-O 12. Qc2 h6 13. Rac1 cxd4 14. Bxd4 Qc6
15. Nf3 b6 16. Rfe1 Rfe8 17. Ne5 Qb7 18. Qe2 Qc7 19. Qf3 Bd6 20. Qg3 Ne4 21.
Bxe4 dxe4 22. c4 f6 23. c5 Bxe5 24. Bxe5 Qxe5 25. Qxe5 fxe5 26. b4 Bb5 27. Rc2
Red8 28. Rec1 Ba4 29. Rc4 bxc5 30. bxc5 Bc6 31. R4c2 Rd3 32. Kf1 Rcd8 33. Ke1
Kf7 34. Rb2 Ra3 35. Ke2 Bd5 36. Rcc2 Rc8 37. Kd2 Ra5 38. c6 Rxc6 39. Rxc6 Bxc6
40. Kc3 Bd5 41. f4 exf4 42. exf4 Rxa2 43. Rb1 Rxg2 44. Kd4 Rxh2 45. f5 Rd2+ 46.
Ke5 exf5 47. Rf1 g6 48. Rc1 Be6 49. Rh1 g5 0-1

[Event "4NCL/Div3/KHE vs. NWE2"]
[Site "Coventry ENG"]
[Date "2006.11.12"]
[Round "4.1"]
[White "Whiteley, Andrew"]
[Black "Lyell, Mark"]
[Result "1-0"]
[WhiteElo "2245"]
[BlackElo "2228"]
[PlyCount "119"]
[EventDate "2006.11.12"]
[EventType "team"]
[EventRounds "11"]
[EventCountry "ENG"]
[WhiteTeam "Kings Head"]
[BlackTeam "N W Eagles 2"]

1. d4 d5 2. c4 Nc6 3. Nc3 dxc4 4. d5 Ne5 5. Nf3 Nxf3+ 6. exf3 e6 7. Bxc4 exd5
8. Bxd5 Bd6 9. Qa4+ Kf8 10. O-O Nf6 11. Bb3 Bd7 12. Qh4 h6 13. Re1 Ng8 14. Qh5
Qf6 15. Ne4 Re8 16. Bd2 Qf5 17. Qxf5 Bxf5 18. Nxd6 cxd6 19. Bb4 Nf6 20. Bxd6+
Kg8 21. Rac1 Be6 22. Bxe6 Rxe6 23. Rxe6 fxe6 24. Be5 Nd5 25. Rc8+ Kh7 26. Rxh8+
Kxh8 27. Kf1 Kg8 28. Ke2 Kf7 29. a3 g6 30. Kd3 h5 31. Kd4 Ke7 32. Bb8 a6 33.
Ke5 Nb6 34. Bd6+ Kf7 35. b3 Nd7+ 36. Kf4 Kf6 37. Bb4 e5+ 38. Ke3 Kf5 39. h3 Nb6
40. g4+ Ke6 41. Bd2 Nd5+ 42. Kd3 b5 43. gxh5 gxh5 44. f4 Kf5 45. fxe5 Kxe5 46.
h4 Nf4+ 47. Bxf4+ Kxf4 48. Kd4 Kg4 49. Ke5 Kxh4 50. f4 Kg3 51. f5 h4 52. f6 h3
53. f7 h2 54. f8=Q h1=Q 55. Qf4+ Kh3 56. Qh6+ Kg2 57. Qxh1+ Kxh1 58. Kd5 Kg2
59. Kc5 Kf3 60. Kb6 1-0

[Event "4NCL/Div3/KHE vs. NWE2"]
[Site "Coventry ENG"]
[Date "2006.11.12"]
[Round "4.3"]
[White "Krzywda, Andrzej"]
[Black "Hulmes, David I"]
[Result "1/2-1/2"]
[WhiteElo "2162"]
[BlackElo "2225"]
[PlyCount "79"]
[EventDate "2006.11.12"]
[EventType "team"]
[EventRounds "11"]
[EventCountry "ENG"]
[WhiteTeam "Kings Head"]
[BlackTeam "N W Eagles 2"]

1. e4 e5 2. Nf3 Nc6 3. Bb5 f5 4. Nc3 fxe4 5. Nxe4 d5 6. Ng3 Bg4 7. h3 Bxf3 8.
Qxf3 Nf6 9. d3 Qd6 10. O-O O-O-O 11. c3 Kb8 12. Re1 Re8 13. Bg5 Nd7 14. Qf7 Qe6
15. Qxe6 Rxe6 16. d4 Be7 17. Bd2 Bf6 18. Re2 a6 19. Bd3 g6 20. Rae1 Re7 21.
dxe5 Ndxe5 22. Bb1 Rd8 23. Bc1 Rde8 24. Kf1 Nc4 25. Rd1 Rd8 26. Rxe7 Bxe7 27.
b3 N4e5 28. f4 Nf7 29. f5 Nfe5 30. Ne2 Bf6 31. Be3 Ne7 32. Nd4 gxf5 33. Nxf5
Nxf5 34. Bxf5 Ng6 35. Bxg6 hxg6 36. Bd4 Bxd4 37. Rxd4 c5 38. Rg4 Rd6 39. h4 Kc7
40. Ke2 1/2-1/2

[Event "4NCL/Div3/KHE vs. NWE2"]
[Site "Coventry ENG"]
[Date "2006.11.12"]
[Round "4.4"]
[White "Coates, Kenneth G"]
[Black "Kwiatkowski, Feliks J"]
[Result "1/2-1/2"]
[WhiteElo "2218"]
[BlackElo "2226"]
[PlyCount "42"]
[EventDate "2006.11.12"]
[EventType "team"]
[EventRounds "11"]
[EventCountry "ENG"]
[WhiteTeam "N W Eagles 2"]
[BlackTeam "Kings Head"]

1. e4 c5 2. c3 Nf6 3. e5 Nd5 4. d4 cxd4 5. Nf3 Nc6 6. Bc4 Nb6 7. Bb3 d5 8. exd6
Qxd6 9. O-O Be6 10. Na3 dxc3 11. Nb5 Qxd1 12. Rxd1 Rc8 13. Bxe6 fxe6 14. bxc3
g6 15. Be3 Nd5 16. Nxa7 Nxa7 17. Bxa7 Nxc3 18. Re1 Bg7 19. Bd4 Bxd4 20. Nxd4
O-O 21. Nxe6 Rf5 1/2-1/2

[Event "4NCL/Div3/KHE vs. NWE2"]
[Site "Coventry ENG"]
[Date "2006.11.12"]
[Round "4.5"]
[White "Thomas, Richard H"]
[Black "Spence, David"]
[Result "1/2-1/2"]
[WhiteElo "2190"]
[BlackElo "2184"]
[PlyCount "80"]
[EventDate "2006.11.12"]
[EventType "team"]
[EventRounds "11"]
[EventCountry "ENG"]
[WhiteTeam "Kings Head"]
[BlackTeam "N W Eagles 2"]

1. d4 e6 2. c4 Nf6 3. g3 d5 4. Bg2 Be7 5. Nf3 O-O 6. O-O dxc4 7. Na3 Bxa3 8.
bxa3 c5 9. Bb2 Nbd7 10. Qc2 cxd4 11. Nxd4 Nb6 12. a4 Bd7 13. a5 Ba4 14. Qd2
Nbd5 15. e4 c3 16. Bxc3 Nxc3 17. Qxc3 Qe7 18. Rfc1 Rfd8 19. Rab1 Qd7 20. Nb3
Bxb3 21. axb3 Rac8 22. Qb4 Rc7 23. Bf3 Qc8 24. Rd1 Rxd1+ 25. Rxd1 Rd7 26. Rxd7
Nxd7 27. Qd6 b6 28. axb6 Nxb6 29. e5 g6 30. Bc6 Kg7 31. h4 Qa6 32. Qd4 Qc8 33.
Be4 Qc7 34. f4 h5 35. Kg2 Qc1 36. Qd3 Qe1 37. Bf3 Qb4 38. Kh3 Qe7 39. Qd6 Nc8
40. Qd4 Kh7 1/2-1/2

[Event "4NCL/Div3/KHE vs. NWE2"]
[Site "Coventry ENG"]
[Date "2006.11.12"]
[Round "4.6"]
[White "Hanley, James"]
[Black "Okike, David C"]
[Result "0-1"]
[WhiteElo "2169"]
[BlackElo "2178"]
[PlyCount "148"]
[EventDate "2006.11.12"]
[EventType "team"]
[EventRounds "11"]
[EventCountry "ENG"]
[WhiteTeam "N W Eagles 2"]
[BlackTeam "Kings Head"]

1. e4 e6 2. d4 d5 3. Nd2 c5 4. Ngf3 Nc6 5. c3 cxd4 6. cxd4 Nf6 7. e5 Ne4 8. Bd3
f5 9. exf6 Nxf6 10. O-O Bd6 11. Re1 O-O 12. a3 Qc7 13. Qc2 Bd7 14. b4 Rac8 15.
Bb2 Qb6 16. Qb1 Bf4 17. Nb3 Rce8 18. Nc5 Bc8 19. Re2 Qc7 20. Qe1 Qd6 21. b5 Nd8
22. h3 b6 23. Nb3 Ne4 24. a4 Qb8 25. Ne5 Bxe5 26. dxe5 Nc5 27. Bc2 Nxb3 28.
Bxb3 Nb7 29. Bc2 Qc7 30. Ra3 Nc5 31. Rg3 Re7 32. Qb1 g6 33. h4 Kh8 34. Bc1 Ref7
35. Ba3 Rf4 36. h5 gxh5 37. Rg5 Qf7 38. Qf1 Bb7 39. Bc1 d4 40. Bxf4 Qxf4 41.
Rxh5 d3 42. Bxd3 Nxd3 43. Rh3 Nc5 44. f3 Rg8 45. Qb1 Rg7 46. Qd1 Bd5 47. Rd2
Qxe5 48. Re2 Qf5 49. Kh1 Nd3 50. Rc2 h5 51. Qd2 Kh7 52. Qc3 Ne1 53. Qxe1 Qxc2
54. Rxh5+ Kg8 55. Rh2 Qxa4 56. Rh3 Qxb5 57. Qc1 Qc4 58. Qe1 Qc2 59. Rg3 Qc7 60.
Rxg7+ Kxg7 61. Qa1+ e5 62. Qe1 Qe7 63. Qg3+ Kf6 64. Qg4 Qh7+ 65. Kg1 Be6 66.
Qb4 Qh6 67. Qd6 Qe3+ 68. Kh2 Qc5 69. Qd8+ Kf7 70. Qh8 a5 71. Qh7+ Ke8 72. Qa7
Bd7 73. Qb8+ Ke7 74. g4 Qf2+ 0-1

[Event "4NCL/Div3/KHE vs. NWE2"]
[Site "Coventry ENG"]
[Date "2006.11.12"]
[Round "4.7"]
[White "Ward, Julian T"]
[Black "Savory, Richard"]
[Result "1/2-1/2"]
[WhiteElo "2200"]
[BlackElo "2101"]
[PlyCount "103"]
[EventDate "2006.11.12"]
[EventType "team"]
[EventRounds "11"]
[EventCountry "ENG"]
[WhiteTeam "Kings Head"]
[BlackTeam "N W Eagles 2"]

1. Nf3 d5 2. c4 c6 3. d4 Nf6 4. g3 Bf5 5. Nc3 e6 6. Bg2 h6 7. O-O Nbd7 8. b3
Be7 9. h3 O-O 10. g4 Bh7 11. Bf4 Ne4 12. Qc1 Nxc3 13. Qxc3 Nf6 14. Nd2 Bd6 15.
Be5 Ne4 16. Nxe4 Bxe4 17. Bxe4 dxe4 18. Qg3 Be7 19. Rfd1 Bh4 20. Qg2 f6 21. Bf4
g5 22. Bh2 f5 23. f3 e3 24. Be5 f4 25. Rd3 Rf7 26. Qf1 Rd7 27. Qd1 Qe7 28. Qc2
Rad8 29. Rad1 Qh7 30. b4 h5 31. Kg2 Bf2 32. Rc3 Qh6 33. Rh1 Rh7 34. Qe4 hxg4
35. fxg4 Be1 36. Rb3 Rdd7 37. b5 Qh4 38. Qf3 cxb5 39. Rxb5 Rhf7 40. a4 Rd8 41.
d5 exd5 42. cxd5 a6 43. Rc5 Bb4 44. Rc7 Bd6 45. Bxd6 Rxd6 46. Rhc1 Rxc7 47.
Rxc7 Qe1 48. Rxb7 Qd1 49. h4 gxh4 50. Rb8+ Kg7 51. Rb7+ Kg8 52. Rb8+ 1/2-1/2